Etica del siglo XXI /

Se tratan los principales debates en los que se encuentra sumida la sociedad actual a principios del siglo XXI como son la eutanasia, el aborto, la ética ecológica, la ética y la corrupción política y la ética y los medios de comunicación, entre otros.

Tallennettuna:
Bibliografiset tiedot
Päätekijä: Rubio Carracedo, José (autor)
Aineistotyyppi: Kirja
Kieli:espanja
Julkaistu: Barcelona, España : Proteus, 2009, c2009
Sarja:(Colección Siglo XXI. Etica Actual)
Aiheet:
Tagit: Lisää tagi
Ei tageja, Lisää ensimmäinen tagi!

MARC

LEADER 00000nam^a2200000^a^4500
001 000300766
005 20250521000000.0
009 20260310112524.259
020 |a 978-84-936999-3-2 
037 |a Acervo Xavier Clavigero 
041 |a ESP 
082 |a 170.  |b RUB 
100 |a Rubio Carracedo, José  |e (autor) 
245 1 0 |a Etica del siglo XXI /  |c J. Rubio Carracedo. 
264 4 |a Barcelona, España :  |b Proteus,  |c 2009, c2009 
300 |a 180 p. 
336 |a texto  |b txt  |2 rdacontenido 
337 |a sin mediación  |b n  |2 rdamedio 
338 |a volumen  |b nc  |2 rdasoporte 
440 1 |a (Colección Siglo XXI.  |p Etica Actual) 
520 |a Se tratan los principales debates en los que se encuentra sumida la sociedad actual a principios del siglo XXI como son la eutanasia, el aborto, la ética ecológica, la ética y la corrupción política y la ética y los medios de comunicación, entre otros. 
649 |a XX 
650 |a Bioética 
650 |a Corrupción 
650 |a Derechos Humanos 
650 |a Etica -  |x Tema Principal 
650 |a Filosofía del Siglo XXI 
910 |a Fondo General 
920 |a Impresos - Libros 
930 |a Colección General 
905 |a 101 
901 |a 0500186577  |b IT1  |c ACC  |i FXC C861  |u 20250521 
902 |a https://opac.biblio.iteso.mx/vufind/Record/000300766